Best Selling Albums by Women - Statistics

General Stats
  • This quiz has been taken 153 times
  • The average score is 55 of 77
Answer Stats
Sales Album Artist % Correct
31 m 21 Adele
95%
22 m 25 Adele
95%
25 m ...Baby One More Time Britney Spears
95%
20 m Oops!... I Did It Again Britney Spears
95%
10 m _______ Britney Spears
95%
30 m The Immaculate Collection Madonna
94%
25 m True Blue Madonna
94%
21 m Like a Virgin Madonna
94%
16 m Ray of Light Madonna
94%
15 m Like a Prayer Madonna
94%
11 m Evita Madonna
94%
11 m Music Madonna
94%
10 m _______ Madonna
94%
10 m Something to Remember Madonna
94%
10 m Confessions on a Dance Floor Madonna
94%
23 m Spice Spice Girls
94%
14 m Spiceworld Spice Girls
94%
45 m The Bodyguard Whitney Houston
91%
22 m _______ _______ Whitney Houston
91%
20 m _______ Whitney Houston
91%
10 m I'm Your Baby Tonight Whitney Houston
91%
10 m My Love Is Your Love Whitney Houston
91%
10 m _______: The Greatest Hits Whitney Houston
91%
11 m Dangerously in Love Beyonce
87%
28 m Music Box Mariah Carey
86%
20 m Daydream Mariah Carey
86%
15 m ______ _____ Mariah Carey
86%
15 m Merry Christmas Mariah Carey
86%
15 m Number 1's Mariah Carey
86%
10 m Butterfly Mariah Carey
86%
10 m The Emancipation of Mimi Mariah Carey
86%
12 m Fearless Taylor Swift
85%
10 m 1989 Taylor Swift
85%
16 m Back to Black Amy Winehouse
81%
33 m Jagged Little Pill Alanis Morissette
80%
13 m The Writing's on the Wall Destiny's Child
76%
10 m Survivor Destiny's Child
76%
15 m The Fame Lady Gaga
74%
10 m Believe Cher
73%
10 m Physical Olivia Newton-John
69%
32 m Falling into You Celine Dion
68%
31 m Let's Talk About Love Celine Dion
68%
22 m All the Way... A Decade of Song Celine Dion
68%
20 m The Colour of My Love Celine Dion
68%
12 m These Are Special Times Celine Dion
68%
12 m A New Day Has Come Celine Dion
68%
10 m D'eux Celine Dion
68%
10 m Private Dancer Tina Turner
68%
40 m Come On Over Shania Twain
67%
20 m The Woman in Me Shania Twain
67%
11 m Up! Shania Twain
67%
14 m _____ Janet Jackson
65%
12 m _____ _______'s Rhythm Nation 1814 Janet Jackson
65%
10 m Control Janet Jackson
65%
25 m Tapestry Carole King
61%
14 m _________ ________ Christina Aguilera
61%
10 m Stripped Christina Aguilera
61%
13 m Missundaztood Pink
60%
15 m CrazySexyCool TLC
59%
10 m FanMail TLC
59%
26 m Come Away with Me Norah Jones
58%
12 m Songs in A Minor Alicia Keys
57%
12 m Breakaway Kelly Clarkson
56%
16 m She's So Unusual Cyndi Lauper
54%
13 m Laundry Service Shakira
52%
12 m Forever Your Girl Paula Abdul
50%
12 m Guilty Barbra Streisand
43%
16 m Let Go Avril Lavigne
41%
10 m Under My Skin Avril Lavigne
41%
10 m I Dreamed a Dream Susan Boyle
40%
15 m No Angel Dido
39%
12 m Life For Rent Dido
39%
15 m A Day Without Rain Enya
37%
13 m Shepherd Moons Enya
37%
11 m Watermark Enya
37%
20 m _____ _______ Tracy Chapman
8%
10 m First Love Utada Hikaru
7%
No matching quizzes found
Score Distribution
Percent of People with Each Score
Percentile by Number Answered
Your Score History
You have not taken this quiz